000 00642nam a2200217Ia 4500
003 OSt
005 20230503104507.0
008 210423s2020 xx 000 0 und d
020 _a978-9-402-41946-7
040 _cAL
041 _aeng
082 _a547.0077
_223
_bSIMB
100 _aSIMPSON (Peter)
_996627
245 _aBasic concepts in organic chemistry: a programmed learning approach
260 _aLondon
_bChapman & Hall
_c2020
300 _aviii,124
_bPB
365 _b695
_cINR
650 _aOrganic Chemistry
_996628
906 _aapproach ; Basic ; chemistry: ; concepts ; learning ; organic ; programmed
942 _2ddc
_cBK
999 _c170733
_d170733